00905nam a22001217a 4500008004100000020001800041082001600059100002400075245004700099300003800146505050300184650009600687190209b xxu||||| |||| 00| 0 eng d a9788417047436 a708bAM524a aAdes, Dawn et all.  aCarlos Amorales. Axiomas para la acción. a199 p.bill (col).c22 x 16.5 cm. tEsta muestra es una máscara: Axiomas para la acción (1996-2018)rAmorales, Carlos y Medina, CuauhtémoctAxiomas para la acción (1996-2016)rAmorales, CarlostLista de obrasrAmorales, CarlostBlack Cloud (Aftermath)rAmorales, CarlostUna máscara toca la flauta rAmorales, CarlostLa materia del lenguaje vista desde tres de muchas casasrBarnas, MaríatCarlos Amorales desde una perspectiva dadaístarAdes, DawntProliferación AmoralesrMedina, CuauhtémoctSemblanzatCréditos 2Arte contemporáneovArte - exhibicionesvArte - performancezArte - MéxicozArte - MUAC